LIBRARY & INFORMATION CENTRE, KCAET, TAVANUR

ONLINE PUBLIC ACCESS CATALOGUE (OPAC)

Fundamentals of Electrical Engineering / (Record no. 4427)

MARC details
000 -LEADER
fixed length control field 00267cam a2200109ua 4500
082 ## - DEWEY DECIMAL CLASSIFICATION NUMBER
Classification number 621.3
Item number KUZ/FU
100 ## - MAIN ENTRY--AUTHOR NAME
Personal name Kuznetsov, M .
245 ## - TITLE STATEMENT
Title Fundamentals of Electrical Engineering /
260 ## - PUBLICATION, DISTRIBUTION, ETC. (IMPRINT)
Place of publication Moscow :
Name of publisher Peace Publishers.
300 ## - PHYSICAL DESCRIPTION
Number of Pages 460 ; .
942 ## - ADDED ENTRY ELEMENTS (KOHA)
Koha item type Books
Holdings
Withdrawn status Lost status Damaged status Home library Current library Date acquired Full call number Accession Number Koha item type
Withdrawn     KAUAET KAUAET 07/04/2012 621.3 9103 Books
      KAUAET KAUAET 07/04/2012 621.3 11217 Books
      KAUAET KAUAET 27/11/2023 621.3 KUZ/FU 12192 Books
free website counter